Entry Nombre personal
001 - NÚMERO DE CONTROL
- campo de control: 29216
003 - IDENTIFICADOR DEL NÚMERO DE CONTROL
- campo de control: BNPHU
005 - FECHA Y HORA DE LA ÚLTIMA TRANSACCIÓN
- campo de control: 20240312192335.0
008 - DATOS DE LONGITUD FIJA
- campo de control de longitud fija: 200615|| aca||aabn | a|a d
010 ## - NÚMERO DE CONTROL DE LA BIBLIOTECA DEL CONGRESO
- Número de control de LC: n 82027808
040 ## - FUENTE DE LA CATALOGACIÓN
- Centro catalogador/agencia de origen: DO-SdBNP
- Lengua de catalogación: spa
- Centro/agencia transcriptor: BNPHU
- Normas de descripción: rda
100 1# - ENCABEZAMIENTO-NOMBRE DE PERSONA
- Nombre de persona: Carmen Natalia,
- Fechas asociadas al nombre: 1917-1976
370 ## - LUGAR ASOCIADO
- Lugar de nacimiento: San Pedro de Macorís (República Dominicana)
374 ## - OCUPACIÓN
- Ocupación: Escritora
375 ## - GÉNERO/SEXO
- Género/Sexo: Femenino
377 ## - LENGUA/LENGUAJE ASOCIADO
- Código del idioma: spa
- Término de lengua/lenguaje: Español
378 ## - FORMA COMPLETA/DESARROLLADA DEL NOMBRE
- Forma completa/desarrollada del nombre: Carmen Natalia Martínez Bonilla
400 ## - TRAZADO DE VÉASE--NOMBRE DE PERSONA
- Nombre de persona: Martínez Bonilla, Carmen Natalia,
- Fechas asociadas al nombre: 1917-1976
400 0# - TRAZADO DE VÉASE--NOMBRE DE PERSONA
- Nombre de persona: Martínez Bonilla, Carmen Natalia,
- Fechas asociadas al nombre: 1917-1976
400 0# - TRAZADO DE VÉASE--NOMBRE DE PERSONA
- Nombre de persona: Bonilla, Carmen Natalia Martínez,
- Fechas asociadas al nombre: 1917-1976
400 0# - TRAZADO DE VÉASE--NOMBRE DE PERSONA
- Nombre de persona: Natalia, Carmen,
- Fechas asociadas al nombre: 1917-1976
670 ## - FUENTE DE DATOS ENCONTRADOS
- Cita de la fuente: Martínez, Carmen Natalia, La victoria /, 1992.
670 ## - FUENTE DE DATOS ENCONTRADOS
- Cita de la fuente: Veinte actitudes y una epistoal, 1945.
670 ## - FUENTE DE DATOS ENCONTRADOS
- Cita de la fuente: Poesías, 1981
670 ## - FUENTE DE DATOS ENCONTRADOS
- Identificador Uniforme del Recurso: https://viaf.org/processed/LC%7Cn%20%2082027808
